000 01294nam a2200325 i 4500
003 EG-GICUC
005 20260121101326.0
008 251120s1977 ua ||||fr|||| 001 0 ara d
017 _a1977/3546
040 _a EG-GICUC
_bara
_c EG-GICUC
_d EG-GICUC
_erda
041 _aara
082 0 4 _a343.412
_bع ب . ق
_221
092 0 4 _221
099 _aLaw1 10 343.412 ع ب . ق 1 ed - 1977 1006114
100 0 _aعبد المنعم عبد الرحيم العوضي.
_eمؤلف.
245 1 0 _aقانون الرقابة على النقد والتهريب.
_nالجزء الأول،
_pالقواعد العامة /
_cدكتور عبد المنعم عبد الرحيم العوضي.
250 _aالطبعة الأولى،
264 1 _aالقاهرة :
_bدار النهضة العربية،
_c1977.
300 _a208 صفحة ؛
_c24 سم.
336 _2rda content
_atext
337 _2rda media
_aComputer
338 _2rda carrier
_aOnline Resource
504 _aيشتمل على ارجاعات ببليوجرافية.
546 _aالنص باللغة العربية
650 1 _aقانون العقوبات المالي والنقدي.
_2qrmak
651 1 _2qrmak
856 4 0 _uhttps://fll.law.cu.edu.eg/fulltext/bks/B10-06114.pdf
905 _a18
942 _2ddc
_n0
_cBK
_e21
999 _c44971
_d44971